Fr. Conceicao Rodrigues College of Engineering

Bayesian Reasoning and machine learning (Record no. 23752)

MARC details
000 -LEADER
fixed length control field 00364nam a2200169Ia 4500
082 ## - DEWEY DECIMAL CLASSIFICATION NUMBER
Item number BAR
100 ## - MAIN ENTRY--PERSONAL NAME
Personal name Barber/David
245 ## - TITLE STATEMENT
Title Bayesian Reasoning and machine learning
260 ## - PUBLICATION, DISTRIBUTION, ETC.
Name of publisher, distributor, etc. CUP
Date of publication, distribution, etc. 2012
366 ## - TRADE AVAILABILITY INFORMATION
Publishers's discount category 25
300 ## - PHYSICAL DESCRIPTION
Extent 697
546 ## - LANGUAGE NOTE
Language note ENGLISH
-- Computers
650 ## - SUBJECT ADDED ENTRY--TOPICAL TERM
Topical term or geographic name entry element Machine learning
654 ## - SUBJECT ADDED ENTRY--FACETED TOPICAL TERMS
Focus term machine learning
942 ## - ADDED ENTRY ELEMENTS (KOHA)
Koha item type BOOK
Holdings
Withdrawn status Lost status Damaged status Not for loan Collection Home library Current library Date acquired Source of acquisition Cost, normal purchase price Inventory number Total Checkouts Full call number Barcode Date last seen Date last checked out Cost, replacement price Price effective from Koha item type
        CRC Fr. Agnel's C.Rodrigues College of Engineering Fr. Agnel's C.Rodrigues College of Engineering 17/03/2023 Allied Publisher 1121.25 1235 dt 24.12.2015 1 BAR 23910 30/09/2024 14/08/2024 1495.00   BOOK